|
|
|
|
| LEADER |
01166nam a2200265 a 4500 |
| 001 |
GR-MES15081 |
| 008 |
960311s1996 gr b 001 b eng d |
| 020 |
|
|
|a 0471958654
|
| 040 |
|
|
|a GrPaTEI
|b gre
|c GR-PaULI
|
| 040 |
|
|
|a GrPaTEI
|b gre
|c GR-PaULI
|
| 041 |
0 |
|
|a eng
|h ger
|
| 082 |
|
0 |
|a 581
|2 21
|
| 100 |
1 |
|
|a Markert, B. A.
|q (Bernd A.)
|
| 245 |
1 |
0 |
|a Instrumental element and multi-element analysis of plant samples :
|b Methods and applications /
|c Bernd Markert ; Translated by Brooks Haderlie.
|
| 260 |
|
|
|a Chichester :
|b John Wiley,
|c c1996
|
| 300 |
|
|
|a xvi, 296 σ. :
|b εικ., χάρ. ;
|c 24 εκ.
|
| 504 |
|
|
|a Περιλαμβάνει βιβλιογραφία και ευρετήριο.
|
| 650 |
|
0 |
|a Environmental sampling
|
| 650 |
|
0 |
|a Plants
|x Analysis
|
| 650 |
|
4 |
|a Φυτά, Φυσιολογία των
|
| 700 |
1 |
|
|a Haderlie, Brooks
|
| 942 |
|
|
|2 ddc
|
| 952 |
|
|
|0 0
|1 0
|2 ddc
|4 0
|6 581_000000000000000_MAR
|7 0
|9 272911
|a MSLG
|b MSLG
|c BSC
|d 2021-01-17
|e 24
|f 0
|g 0.00
|l 0
|o 581 MAR
|p 2420000023577
|r 2021-01-17 00:00:00
|t 1
|v 2021.00
|w 2021-01-17
|y BK15
|x Μεταφορά από Αμαλιάδα (18/10/22)
|x GrPaTEI
|
| 971 |
|
|
|a .b25811307
|b 15-04-20
|c 13-09-16
|
| 999 |
|
|
|c 157945
|d 157945
|